|
|
|
|
| LEADER |
01119nam a2200289 a 4500 |
| 001 |
ocm50732815 |
| 003 |
BD-DhAAL |
| 008 |
060923r20032002ii 000 0 eng d |
| 999 |
|
|
|c 1848
|d 1848
|
| 020 |
|
|
|a 8123908008
|
| 040 |
|
|
|a DCP
|c DCP
|b eng
|d BD-DhAAL
|
| 082 |
0 |
0 |
|a 660.12
|2 22
|
| 100 |
1 |
|
|a Vyas, S.P.
|9 43979
|
| 245 |
1 |
0 |
|a Methods in biotechnology and bioengineering :
|b for pharmaceutical & other biosciences /
|c S.P. Vyas and D. V. Kholi.
|
| 260 |
|
|
|a New Dehli, India :
|b CBS Publishers and Distributors,
|c c2002.[reprinted 2003]
|
| 300 |
|
|
|a v, 326 pages :
|b illustrations ;
|c 25 cm.
|
| 500 |
|
|
|a "Copyright by authors and publishers."
|
| 504 |
|
|
|a Includes index.
|
| 541 |
1 |
|
|e 00016624
|
| 650 |
|
0 |
|a Biotechnology.
|9 43980
|
| 650 |
|
0 |
|a Bioengineering.
|9 43981
|
| 650 |
|
0 |
|a Pharmaceutical biotechnology.
|9 43982
|
| 650 |
|
0 |
|a Pharmacy.
|9 43983
|
| 700 |
1 |
|
|a Kholi, D.V.
|9 43984
|
| 852 |
4 |
|
|a Ayesha Abed Library
|j General Shelf.
|
| 942 |
|
|
|2 ddc
|c BK
|
| 952 |
|
|
|0 0
|1 0
|2 ddc
|4 0
|6 660_120000000000000_VYA_2003
|7 0
|9 1691
|a BRACUL
|b BRACUL
|c GEN
|d 2009-06-29
|l 3
|o 660.12 VYA
|p 3010016624
|r 2026-01-07
|s 2025-09-09
|t 1
|w 2009-06-29
|y BK
|